书目信息 |
| 题名: |
TOEPLITZ矩阵类的快速算法
|
|
| 作者: | 徐仲 , 张凯院 , 陆全 著 | |
| 分册: | ||
| 出版信息: | 西安 西北工业大学出版社 1999.10 |
|
| 页数: | 286页 | |
| 开本: | 20cm | |
| 丛书名: | ||
| 单 册: | ||
| 中图分类: | O151.21 | |
| 科图分类: | ||
| 主题词: | 代数 , 数论 , 组合数学 | |
| 电子资源: | ||
| ISBN: | 7-5612-1102-3 | |
| 000 | 00701nam0 2200241 45 | |
| 001 | 0201081664 | |
| 005 | 20031219104052.5 | |
| 010 | @a7-5612-1102-3@dCNY25.00 | |
| 100 | @a20020108d1999 km y0chiy0120 ea | |
| 101 | 0 | @achi |
| 105 | @a z 000yy | |
| 200 | 1 | @aTOEPLITZ矩阵类的快速算法@ATOEPLITZ Ju Zhen Lei De Kuai Su Suan Fa@f徐仲,张凯院,陆全著@FXu Zhong,Zhang Kai Yuan,Lu Quan Zhu |
| 210 | @a西安@c西北工业大学出版社@d1999.10@h2001.5重印 | |
| 215 | @a286页@d20cm | |
| 606 | 0 | @a代数 |
| 606 | 0 | @a数论 |
| 606 | 0 | @a组合数学 |
| 690 | @aO151.21@v4 | |
| 701 | 0 | @a徐仲@4著 |
| 701 | 0 | @a张凯院@4著 |
| 701 | 0 | @a陆全@4著 |
| 801 | @aCN@bTSTC@c20020108 | |
| 905 | @f10@b303531-540@dO151.21@e137 | |
| TOEPLITZ矩阵类的快速算法/徐仲,张凯院,陆全著.-西安:西北工业大学出版社,1999.10(2001.5重印) |
| 286页;20cm |
| ISBN 7-5612-1102-3:CNY25.00 |
| ● |
| 相关链接 |
|
|
|
|
正题名:TOEPLITZ矩阵类的快速算法
索取号:O151.21/137
 
预约/预借
| 序号 | 登录号 | 条形码 | 馆藏地/架位号 | 状态 | 备注 |
| 1 | 0303531 | 203035312 | 第三借阅区/ [索取号:O151.21/137] | 在馆 | |
| 2 | 0303532 | 203035321 | 第三借阅区/ [索取号:O151.21/137] | 在馆 | |
| 3 | 0303533 | 203035330 | 第三借阅区/ [索取号:O151.21/137] | 在馆 | |
| 4 | 0303534 | 203035349 | 第三借阅区/ [索取号:O151.21/137] | 在馆 | |
| 5 | 0303535 | 203035358 | 第三借阅区/ [索取号:O151.21/137] | 在馆 | |
| 6 | 0303536 | 203035367 | 第三借阅区/ [索取号:O151.21/137] | 在馆 | |
| 7 | 0303537 | 203035376 | 第三借阅区/ [索取号:O151.21/137] | 在馆 | |
| 8 | 0303538 | 203035385 | 第三借阅区/ [索取号:O151.21/137] | 在馆 | |
| 9 | 0303539 | 203035394 | 第三借阅区/ [索取号:O151.21/137] | 在馆 | |
| 10 | 0303540 | 203035401 | 第二样本阅览室/ [索取号:O151.21/137] | 在馆 |